000 00436nam a2200157Ia 4500
008 210716s2008 xx 000 0 und d
020 _a8125916636
041 _aeng
082 _a658.4013 MANS
100 _aMandal, S K.
245 _aTotal quality management: principles and practice.
_bPrinciples and practice.
250 _a1
260 _aNew Delhi
_bVikas Publishing House Pvt Ltd
_c2008
300 _axi, 412
650 _aTQM
999 _c203403
_d203403